LIBRARY & INFORMATION CENTRE, KCAET, TAVANUR

ONLINE PUBLIC ACCESS CATALOGUE (OPAC)

Assessment of saline water intrusion from Ponnani to Tavanur along the course of river Bharathapuzha (Record no. 17588)

MARC details
000 -LEADER
fixed length control field 00444nam a22001457a 4500
003 - CONTROL NUMBER IDENTIFIER
control field OSt
082 ## - DEWEY DECIMAL CLASSIFICATION NUMBER
Classification number 360
088 ## - REPORT NUMBER
Report number T560
100 ## - MAIN ENTRY--AUTHOR NAME
Personal name HASNA AMEENA P.O
245 ## - TITLE STATEMENT
Title Assessment of saline water intrusion from Ponnani to Tavanur along the course of river Bharathapuzha
260 ## - PUBLICATION, DISTRIBUTION, ETC. (IMPRINT)
Place of publication Thavanur
Name of publisher Kelappaji College of Agricultural Engineering and Technology
Year of publication 2022
300 ## - PHYSICAL DESCRIPTION
Number of Pages 157
700 ## - ADDED ENTRY--PERSONAL NAME
Personal name ANU VARUGHESE (Guide)
942 ## - ADDED ENTRY ELEMENTS (KOHA)
Koha item type Theses
Holdings
Collection code Home library Current library Shelving location Full call number Accession Number Koha item type Public note
Reference KAUAET KAUAET Reference1 360 T 560 Theses M.Tech Thesis
free website counter